Statistics for African Geography By Letter M - Picture Quiz

Click here to take the quiz!

General Stats

  • This quiz has been taken 212 times
  • The average score is 12 of 18

Answer Stats

Answer% Correct
Madagascar
97%
Mali
97%
Mediterranean Sea
94%
Malawi
84%
Mauritius
84%
Monrovia
82%
Maghreb
72%
Manatee
70%
Mangrove
67%
Maasai
64%
Malagasy
61%
Marrakesh
60%
Mayotte
49%
Mombasa
49%
Melilla
42%
Mozambique Channel
40%
Mongoose
37%
{Monsoon} clouds
13%

Score Distribution

Percentile by Number Answered

Percent of People with Each Score

Your Score History

You have not taken this quiz